The fee tendering and service quality issue revisited (Record no. 78705)

MARC details
000 -LEADER
fixed length control field 00802cam a22001935a 4500
001 - CONTROL NUMBER
control field L137756
008 - FIXED-LENGTH DATA ELEMENTS--GENERAL INFORMATION
fixed length control field 070427s2007 xxk f 000 0 eng d
035 ## - SYSTEM CONTROL NUMBER
System control number (Sirsi) u137756
041 0# - LANGUAGE CODE
Language code of text/sound track or separate title eng
100 1# - MAIN ENTRY--PERSONAL NAME
Personal name Hoxley, Michael
245 04 - TITLE STATEMENT
Title The fee tendering and service quality issue revisited
260 ## - PUBLICATION, DISTRIBUTION, ETC.
Date of publication, distribution, etc. 2007
490 #0 - SERIES STATEMENT
Series statement Property Management
Volume/sequential designation 25(2) 2007, 180-192(13)
520 ## - SUMMARY, ETC.
Summary, etc. Discusses the link between competitive fee tendering and clients? perceptions of quality in the UK property industry. Reports a casual relationship between service quality and the method of appointment of the professional. Reports that fee tendering has declined in popularity, while direct appointment has increased.
590 ## - LOCAL NOTE (RLIN)
Local note KA
651 #4 - SUBJECT ADDED ENTRY--GEOGRAPHIC NAME
Geographic name United Kingdom
Chronological subdivision
690 ## - LOCAL SUBJECT ADDED ENTRY--TOPICAL TERM (OCLC, RLIN)
Topical term or geographic name as entry element Procurement
9 (RLIN) 6260
942 ## - ADDED ENTRY ELEMENTS (KOHA)
Suppress in OPAC 0
Holdings
Withdrawn status Lost status Source of classification or shelving scheme Damaged status Not for loan Home library Current library Shelving location Date acquired Total Checkouts Full call number Barcode Date last seen Copy number Price effective from Koha item type
    Dewey Decimal Classification     London London Journal article 27/04/2007   L137756 137756-1001 06/08/2019 1 06/08/2019 Journal article